000 00513nam a2200205 4500
001 80946
003 BD-RjUL
005 20221211112749.0
008 221211s1350 pk ||||| |||| 00| 0 u d
035 _a(BD-RjUL) 80946
040 _aBD-RjUL
_beng
_cBD-RjUL
041 _aurd
082 _223
_a297.1225
_bQUR 1350
100 _aHasan , Mahmud
_96259
245 _aquran Mazid /
_cMahmud hasan
260 _aLahore :
_bTaj company,
_c1350
300 _a810 p. ;
_c34 cm
650 _2Quran
942 _2ddc
_cBK
999 _c80946
_d80946